000 00703nam a2200265Ia 4500
005 20260302114910.0
008 008 260114s9999 xx 000 0 eng d
020 _a9781978738171
037 _aTextbook
040 _aCRL
040 _beng
040 _cCRL
041 _2eng
041 _aeng
084 _qCRL
100 _aDavid Walton
_91120107
245 0 _aWilde Between the Sheets Oscar Wilde, Mail Bondage and De Profundis
260 _bBloomsbury
260 _bLexington Books
260 _c2020
650 _aLiterary Studies
856 _uhttps://doi.org/10.5040/9781978738171?locatt=label:secondary_bloomsburyCollections
942 _cEBOOK
999 _c1684230
_d1684230